[Event "LSS BI-2007-P-00015"]
[Site "LSS email"]
[Date "2007.04.23"]
[Round "?"]
[White "Krieger, Thomas"]
[Black "Marountas, John"]
[Result "0-1"]
[WhiteElo "848"]
[BlackElo "1760"]
[PlyCount "26"]
[EventDate "2007.04.23"]
[EventType "tourn (corr)"]
[EventRounds "10"]
[EventCountry "GER"]
[SourceTitle "Corr 2015"]
[Source "ChessBase"]
[SourceDate "2015.07.17"]
[SourceVersion "1"]
[SourceVersionDate "2015.07.17"]
[SourceQuality "1"]

1. e4 Nf6 2. e5 Nd5 3. d4 d6 4. c4 Nb6 5. Nf3 g6 6. exd6 cxd6 7. h3 Bg7 8. Nc3 Nc6 9. Be2 0-0 10. 0-0 e5 11. Bg5 f6 12. Be3 f5 13. Bg5 Bf6 0-1

[Event "LSS OP-2007-0-00280"]
[Site "LSS email"]
[Date "2007.04.18"]
[Round "?"]
[White "Ballo, Rene"]
[Black "Krieger, Thomas"]
[Result "1-0"]
[WhiteElo "1598"]
[BlackElo "848"]
[PlyCount "23"]
[EventDate "2007.04.08"]
[EventType "tourn (corr)"]
[EventRounds "4"]
[EventCountry "GER"]
[SourceTitle "Corr 2015"]
[Source "ChessBase"]
[SourceDate "2015.07.17"]
[SourceVersion "1"]
[SourceVersionDate "2015.07.17"]
[SourceQuality "1"]

1. c4 Nf6 2. Nc3 e6 3. e4 d5 4. e5 d4 5. exf6 dxc3 6. bxc3 Qxf6 7. d4 c5 8. Nf3 Nc6 9. Bg5 Qg6 10. Bd3 f5 11. d5 Ne7 12. 0-0 1-0

[Event "LSS OP-2007-0-00281"]
[Site "LSS email"]
[Date "2007.04.13"]
[Round "?"]
[White "Krieger, Thomas"]
[Black "Boccuzzi, Sabino"]
[Result "0-1"]
[WhiteElo "848"]
[BlackElo "896"]
[PlyCount "22"]
[EventDate "2007.04.10"]
[EventType "tourn (corr)"]
[EventRounds "4"]
[EventCountry "GER"]
[SourceTitle "Corr 2015"]
[Source "ChessBase"]
[SourceDate "2015.07.17"]
[SourceVersion "1"]
[SourceVersionDate "2015.07.17"]
[SourceQuality "1"]

1. Nf3 Nf6 2. d4 e6 3. Bg5 h6 4. Bh4 b6 5. c4 Bb4+ 6. Nbd2 g5 7. Bg3 g4 8. Ne5 Ne4 9. Bf4 Qf6 10. g3 Bxd2+ 11. Bxd2 Qxf2# 0-1

[Event "IECG ZN.2007.0.00211 email"]
[Site "IECG email"]
[Date "2007.04.11"]
[Round "?"]
[White "Ishier, Evert"]
[Black "Krieger, Thomas"]
[Result "1-0"]
[WhiteElo "800"]
[BlackElo "908"]
[PlyCount "51"]
[EventDate "2007.04.11"]
[EventType "tourn (corr)"]
[EventRounds "2"]
[SourceTitle "Corr 2008"]
[Source "ChessBase"]
[SourceDate "2008.06.24"]
[SourceVersion "1"]
[SourceVersionDate "2008.06.24"]
[SourceQuality "1"]

1. e4 e5 2. Nc3 Nf6 3. f4 d6 4. Nf3 Nc6 5. Bb5 Bg4 6. h3 Bd7 7. 0-0 Nd4 8. Bxd7+ Qxd7 9. d3 0-0-0 10. Nxd4 exd4 11. Ne2 c5 12. c3 dxc3 13. Nxc3 g6 14. f5 Bg7 15. fxg6 fxg6 16. Bg5 Rdf8 17. Qd2 h6 18. Bxf6 Bxf6 19. Nd5 Qe6 20. Qa5 Rh7 21. Qxa7 Rhf7 22. Qa8+ Kd7 23. Qxb7+ Kd8 24. Qb8+ Qc8 25. Qxd6+ Rd7 26. Qxf8# 1-0

[Event "IECG ZN.2007.0.00212 email"]
[Site "IECG email"]
[Date "2007.04.11"]
[Round "?"]
[White "Krieger, Thomas"]
[Black "Ishier, Evert"]
[Result "0-1"]
[WhiteElo "908"]
[BlackElo "800"]
[PlyCount "72"]
[EventDate "2007.04.11"]
[EventType "tourn (corr)"]
[EventRounds "2"]
[SourceTitle "Corr 2008"]
[Source "ChessBase"]
[SourceDate "2008.06.24"]
[SourceVersion "1"]
[SourceVersionDate "2008.06.24"]
[SourceQuality "1"]

1. Nf3 Nf6 2. d4 c5 3. c3 e6 4. Nbd2 d5 5. e3 Nc6 6. Bd3 Be7 7. 0-0 Qc7 8. Re1 Bd7 9. Qc2 Rc8 10. e4 dxe4 11. Nxe4 cxd4 12. Nxf6+ Bxf6 13. Qa4 Ne5 14. Qd1 Nxd3 15. Qxd3 dxc3 16. Rb1 c2 17. Ra1 0-0 18. Nd4 Rfd8 19. Be3 e5 20. Nb3 Be6 21. Qb5 a6 22. Qe2 Bxb3 23. axb3 e4 24. Bc1 Qc6 25. Ra4 Rd4 26. Qe3 Rxa4 27. bxa4 Qxa4 28. g3 h6 29. Qxe4 Qxe4 30. Rxe4 Bxb2 31. Re1 Bxc1 32. Rxc1 b5 33. Kf1 b4 34. Ke2 b3 35. Kd2 a5 36. Ra1 b2 0-1

[Event "IECG OP.2007.0.00281 email"]
[Site "IECG email"]
[Date "2007.04.10"]
[Round "?"]
[White "Krieger, Thomas"]
[Black "Ballo, Rene"]
[Result "0-1"]
[WhiteElo "908"]
[BlackElo "800"]
[PlyCount "40"]
[EventDate "2007.04.10"]
[EventType "tourn (corr)"]
[EventRounds "6"]
[SourceTitle "Corr 2008"]
[Source "ChessBase"]
[SourceDate "2008.06.24"]
[SourceVersion "1"]
[SourceVersionDate "2008.06.24"]
[SourceQuality "1"]

1. Nf3 Nf6 2. d4 g6 3. e3 Bg7 4. Bd3 0-0 5. c4 d6 6. Nc3 Nc6 7. 0-0 e5 8. d5 Ne7 9. e4 Ne8 10. Ne1 f5 11. f3 f4 12. b4 g5 13. g4 Nf6 14. Ng2 h5 15. h4 gxh4 16. Nxh4 hxg4 17. fxg4 Bxg4 18. Qe1 Nh5 19. c5 Bf6 20. Bd2 Ng3 0-1

[Event "IECG OP.2007.0.00280 email"]
[Site "IECG email"]
[Date "2007.04.08"]
[Round "?"]
[White "Krieger, Thomas"]
[Black "Metz, Patrick"]
[Result "1-0"]
[WhiteElo "908"]
[BlackElo "784"]
[PlyCount "69"]
[EventDate "2007.04.08"]
[EventType "tourn (corr)"]
[EventRounds "6"]
[SourceTitle "Corr 2008"]
[Source "ChessBase"]
[SourceDate "2008.06.24"]
[SourceVersion "1"]
[SourceVersionDate "2008.06.24"]
[SourceQuality "1"]

1. Nf3 Nf6 2. d4 g6 3. c4 d6 4. Nc3 Bg7 5. Bg5 0-0 6. e3 c6 7. Bd3 Nbd7 8. 0-0 Re8 9. e4 e5 10. d5 cxd5 11. cxd5 Nc5 12. b4 Nxd3 13. Qxd3 Bg4 14. h3 Bd7 15. Rfc1 Qb6 16. b5 Rac8 17. a4 a5 18. Be3 Qc7 19. b6 Qd8 20. Nb5 Bxb5 21. Qxb5 Nxe4 22. Rxc8 Qxc8 23. Rc1 Qa8 24. Rc7 h6 25. Qd7 Rf8 26. Rxb7 Qd8 27. Qxd8 Rxd8 28. Nd2 Nc5 29. Bxc5 dxc5 30. Rc7 Bf8 31. Ne4 Rb8 32. b7 Kg7 33. Nxc5 Bd6 34. Rc8 Kf6 35. Nd7+ 1-0

[Event "IECG OP.2007.0.00280 email"]
[Site "IECG email"]
[Date "2007.04.08"]
[Round "?"]
[White "Krieger, Thomas"]
[Black "Nemeth, Laszlo"]
[Result "0-1"]
[WhiteElo "908"]
[BlackElo "1491"]
[PlyCount "60"]
[EventDate "2007.04.08"]
[EventType "tourn (corr)"]
[EventRounds "6"]
[SourceTitle "Corr 2008"]
[Source "ChessBase"]
[SourceDate "2008.06.24"]
[SourceVersion "1"]
[SourceVersionDate "2008.06.24"]
[SourceQuality "1"]

1. Nf3 g6 2. d4 Bg7 3. Bf4 c5 4. c3 Qb6 5. Qc2 d5 6. e3 Nc6 7. Be2 cxd4 8. exd4 Nf6 9. Nbd2 Nh5 10. Bg3 Bf5 11. Qb3 Qxb3 12. Nxb3 Nxg3 13. hxg3 0-0 14. 0-0-0 b6 15. Bb5 Rac8 16. Rde1 e6 17. Bxc6 Rxc6 18. Ne5 Rc7 19. g4 Bxe5 20. gxf5 Bf4+ 21. Kb1 exf5 22. Rh4 Bd6 23. Reh1 h5 24. f3 Re8 25. Nc1 Rce7 26. g4 Re1 27. gxh5 g5 28. R4h3 Bf4 29. h6 Kh7 30. Kc2 Bxc1 0-1

[Event "IECG ZN.2006.0.00033"]
[Site "IECG email"]
[Date "2006.07.06"]
[Round "?"]
[White "Krieger, Thomas"]
[Black "Schoenbuchner, Gertraud"]
[Result "0-1"]
[WhiteElo "800"]
[BlackElo "817"]
[PlyCount "104"]
[EventDate "2006.07.06"]
[EventType "match (corr)"]
[EventRounds "2"]
[SourceTitle "Corr 2008"]
[Source "ChessBase"]
[SourceDate "2008.06.24"]
[SourceVersion "1"]
[SourceVersionDate "2008.06.24"]
[SourceQuality "1"]

1. d4 d5 2. c4 Nf6 3. cxd5 Nxd5 4. Nf3 Nc6 5. e4 Nf6 6. d5 Nb8 7. Nc3 Bg4 8. Be2 e6 9. Bg5 Be7 10. dxe6 Qxd1+ 11. Rxd1 Bxe6 12. Nb5 Na6 13. 0-0 c6 14. Nc3 Nc5 15. e5 Nd5 16. Bxe7 Nxe7 17. Nd4 0-0-0 18. Nxe6 Nxe6 19. Bg4 Kc7 20. Bxe6 fxe6 21. Ne4 Rd5 22. Rxd5 exd5 23. Ng5 Kd7 24. Nf7 Rf8 25. Nd6 b6 26. f4 g5 27. f5 Nc8 28. g4 Nxd6 29. exd6 Kxd6 30. Re1 Rf7 31. Re6+ Kc5 32. Kf2 Kb5 33. Ke3 c5 34. Re8 Kc4 35. h3 d4+ 36. Ke4 Rd7 37. f6 d3 38. f7 Rxf7 39. Rd8 Rf4+ 40. Ke3 Rd4 41. Rxd4+ cxd4+ 42. Kd2 b5 43. b3+ Kd5 44. Kxd3 a5 45. a3 Ke5 46. b4 a4 47. Kd2 Ke4 48. Ke2 d3+ 49. Kd2 Kd4 50. Kd1 Ke3 51. Ke1 d2+ 52. Kd1 Kd3 0-1

[Event "IECG ZN.2006.0.00033"]
[Site "IECG email"]
[Date "2006.07.06"]
[Round "?"]
[White "Schoenbuchner, Gertraud"]
[Black "Krieger, Thomas"]
[Result "1/2-1/2"]
[WhiteElo "817"]
[BlackElo "800"]
[PlyCount "63"]
[EventDate "2006.07.06"]
[EventType "match (corr)"]
[EventRounds "2"]
[SourceTitle "Corr 2008"]
[Source "ChessBase"]
[SourceDate "2008.06.24"]
[SourceVersion "1"]
[SourceVersionDate "2008.06.24"]
[SourceQuality "1"]

1. e4 e6 2. d4 d5 3. exd5 exd5 4. Nf3 Bg4 5. Be2 Nf6 6. 0-0 Nc6 7. Re1 Be7 8. Bg5 0-0 9. c3 Re8 10. Nh4 Bxe2 11. Rxe2 h6 12. Be3 Ne4 13. Nf3 Bd6 14. Nbd2 f5 15. Qc2 f4 16. Nxe4 dxe4 17. Bxf4 Bxf4 18. Rxe4 Rxe4 19. Qxe4 Bg5 20. Re1 Qe7 21. Nxg5 Qxg5 22. Qe6+ Kh8 23. Qd7 Qd8 24. Qe6 Qg8 25. Qd7 Rd8 26. Qxc7 Qxa2 27. Qxb7 Qd5 28. b4 Rb8 29. Qc7 Kh7 30. h3 Rd8 31. Qb7 Rb8 32. Qc7 1/2-1/2

[Event "ZN-2006-0-00027"]
[Site "LSS email"]
[Date "2006.06.23"]
[Round "?"]
[White "Krieger, Thomas"]
[Black "Zc, Adam"]
[Result "1-0"]
[WhiteElo "800"]
[BlackElo "800"]
[PlyCount "37"]
[EventDate "2006.06.23"]
[EventType "match (corr)"]
[EventRounds "2"]
[EventCountry "GER"]
[SourceTitle "Corr 2022"]
[Source "ChessBase"]
[SourceDate "2021.10.24"]
[SourceVersion "1"]
[SourceVersionDate "2021.10.24"]
[SourceQuality "1"]

1. e4 e5 2. Nf3 Bc5 3. Nxe5 Qf6 4. Nf3 d5 5. d4 Bb4+ 6. c3 g6 7. cxb4 Be6 8. e5 Qf5 9. Bd3 Qg4 10. 0-0 Nc6 11. Bb5 0-0-0 12. Bxc6 Ne7 13. Ba4 Nf5 14. Nc3 h5 15. h3 Ne3 16. fxe3 Qg3 17. Qe2 Bxh3 18. Qf2 Qg4 19. Kh1 1-0

[Event "ZN-2006-0-00027"]
[Site "LSS email"]
[Date "2006.06.23"]
[Round "?"]
[White "Zc, Adam"]
[Black "Krieger, Thomas"]
[Result "0-1"]
[WhiteElo "800"]
[BlackElo "800"]
[PlyCount "34"]
[EventDate "2006.06.23"]
[EventType "match (corr)"]
[EventRounds "2"]
[EventCountry "GER"]
[SourceTitle "Corr 2022"]
[Source "ChessBase"]
[SourceDate "2021.10.24"]
[SourceVersion "1"]
[SourceVersionDate "2021.10.24"]
[SourceQuality "1"]

1. e4 e5 2. Nc3 Nf6 3. Nd5 Nxe4 4. Qe2 f5 5. Qh5+ g6 6. Qf3 c6 7. b4 cxd5 8. d4 Nc6 9. Bd3 Nxd4 10. c3 Nxf3+ 11. Nxf3 d6 12. c4 dxc4 13. Bxc4 Qb6 14. 0-0 Qxb4 15. Bd3 Be6 16. Bd2 Qb6 17. Be3 Qd8 0-1

[Event "LSS RN-2006-0-00002"]
[Site "LSS email"]
[Date "2006.06.08"]
[Round "?"]
[White "Hughes, Peter"]
[Black "Krieger, Thomas"]
[Result "1-0"]
[WhiteElo "582"]
[BlackElo "848"]
[PlyCount "25"]
[EventDate "2006.04.26"]
[EventType "tourn (corr)"]
[EventRounds "6"]
[EventCountry "GER"]
[SourceTitle "Corr 2015"]
[Source "ChessBase"]
[SourceDate "2015.07.17"]
[SourceVersion "1"]
[SourceVersionDate "2015.07.17"]
[SourceQuality "1"]

1. e4 e5 2. Nf3 Nf6 3. d4 Nxe4 4. Bd3 d5 5. Nxe5 Bd6 6. 0-0 0-0 7. Qe1 Re8 8. f3 Nf6 9. Bg5 Bxe5 10. dxe5 Qe7 11. Qh4 Qc5+ 12. Kh1 h6 13. exf6 1-0

[Event "IECG OP.2006.0.00061"]
[Site "IECG email"]
[Date "2006.06.06"]
[Round "?"]
[White "Kelbl, Jiri"]
[Black "Krieger, Thomas"]
[Result "1/2-1/2"]
[WhiteElo "835"]
[BlackElo "800"]
[PlyCount "33"]
[EventDate "2006.06.06"]
[EventType "tourn (corr)"]
[EventRounds "6"]
[SourceTitle "Corr 2008"]
[Source "ChessBase"]
[SourceDate "2008.06.24"]
[SourceVersion "1"]
[SourceVersionDate "2008.06.24"]
[SourceQuality "1"]

1. e4 e5 2. Nf3 Nf6 3. Nxe5 d6 4. Nf3 Nxe4 5. Qe2 Qe7 6. d3 Nf6 7. Bg5 Qxe2+ 8. Bxe2 Be7 9. Nc3 0-0 10. 0-0-0 c6 11. Rhe1 Re8 12. Ne4 Nbd7 13. Bf4 Nxe4 14. dxe4 Ne5 15. Kb1 Nxf3 16. Bxf3 Rd8 17. a3 1/2-1/2

[Event "IECG OP.2006.0.00061"]
[Site "IECG email"]
[Date "2006.06.06"]
[Round "?"]
[White "Krieger, Thomas"]
[Black "Weiss, Frederic J Marie"]
[Result "1-0"]
[WhiteElo "800"]
[BlackElo "800"]
[PlyCount "43"]
[EventDate "2006.06.06"]
[EventType "tourn (corr)"]
[EventRounds "6"]
[SourceTitle "Corr 2008"]
[Source "ChessBase"]
[SourceDate "2008.06.24"]
[SourceVersion "1"]
[SourceVersionDate "2008.06.24"]
[SourceQuality "1"]

1. e4 Nf6 2. d3 d5 3. e5 Nfd7 4. f4 c5 5. Nf3 e6 6. Be2 Nc6 7. 0-0 Be7 8. c3 0-0 9. d4 cxd4 10. cxd4 Qb6 11. Nc3 f6 12. Kh1 fxe5 13. dxe5 Bc5 14. Ng5 Nd4 15. Na4 Qc7 16. Nxc5 Qxc5 17. Be3 Qe7 18. Qxd4 b6 19. f5 Nc5 20. f6 Qd8 21. fxg7 Kxg7 22. Qg4 1-0

[Event "IECG OP.2006.0.00060"]
[Site "IECG email"]
[Date "2006.06.05"]
[Round "?"]
[White "Krieger, Thomas"]
[Black "Sagi, Raju"]
[Result "1-0"]
[WhiteElo "800"]
[BlackElo "800"]
[PlyCount "51"]
[EventDate "2006.06.05"]
[EventType "tourn (corr)"]
[EventRounds "6"]
[SourceTitle "Corr 2008"]
[Source "ChessBase"]
[SourceDate "2008.06.24"]
[SourceVersion "1"]
[SourceVersionDate "2008.06.24"]
[SourceQuality "1"]

1. e4 e5 2. Nf3 Nf6 3. Nxe5 Nxe4 4. Qe2 Ng5 5. Nc6+ Qe7 6. Nxe7 Bxe7 7. d4 d5 8. Bxg5 Nc6 9. Bxe7 Nxe7 10. Nc3 0-0 11. Qxe7 Be6 12. Qxc7 b5 13. Bxb5 a6 14. Bd3 a5 15. 0-0 a4 16. a3 Rfc8 17. Qd6 Rd8 18. Qg3 Re8 19. f4 Bd7 20. Nxd5 Rab8 21. Nf6+ Kh8 22. Nxe8 Bxe8 23. Qh4 g6 24. Rae1 f5 25. Re7 Rd8 26. Qxh7# 1-0

[Event "IECG RN.2006.0.00002"]
[Site "IECG email"]
[Date "2006.04.26"]
[Round "?"]
[White "Arut, Marcos"]
[Black "Krieger, Thomas"]
[Result "1-0"]
[WhiteElo "800"]
[BlackElo "800"]
[PlyCount "71"]
[EventDate "2006.04.26"]
[EventType "tourn (corr)"]
[EventRounds "6"]
[SourceTitle "Corr 2008"]
[Source "ChessBase"]
[SourceDate "2008.06.24"]
[SourceVersion "1"]
[SourceVersionDate "2008.06.24"]
[SourceQuality "1"]

1. d4 d5 2. c4 Nc6 3. Nc3 Nf6 4. Nf3 dxc4 5. Bf4 Nd5 6. Qd2 Nxf4 7. Qxf4 Nb4 8. 0-0-0 Qd6 9. Qxd6 cxd6 10. a3 Nc6 11. e3 Na5 12. Nd2 Bf5 13. Bxc4 Nxc4 14. Nxc4 Rc8 15. Nd2 d5 16. f3 e6 17. h4 Bxa3 18. g4 Bd3 19. Rh2 0-0 20. Ndb1 Bxb1 21. Kxb1 Bd6 22. f4 a6 23. Rc2 Rc7 24. Rdc1 Rfc8 25. Nd1 Rxc2 26. Rxc2 Rxc2 27. Kxc2 Bb4 28. Kb3 a5 29. Ka4 Kf8 30. Kb5 Ke7 31. Kb6 Kd6 32. Kxb7 Be1 33. h5 f5 34. g5 g6 35. hxg6 hxg6 36. Kb6 1-0